000 00991cab a2200253 4500
001 ABS58746
008 090401t1998 xxu||||| |||| 00| 0 eng d
035 _a(Sirsi) u86697
041 _aeng
245 _aBaxter v Camden LBC
260 _c1998
350 _a0
490 _aEstates Gazette
_v[1998] 22 EG 150-151(2)
520 _aCA 20 June 1997. C granted B tenancy of a first-floor flat in a converted property. B contended that there was insufficient sound insulation between her flat and the others, and brought proceedings claiming that the implied covenant for quiet enjoyment had been breached. County Court dismissed action. B`s appeal allowed and case remitted to CC.
650 _aBAXTER V CAMDEN LBC
650 _aCOVENANT FOR QUIET ENJOYMENT
650 _aIMPLIED COVENANT
650 _aNUISANCE
650 _aQUIET ENJOYMENT
650 _aSOUND INSULATION
690 _aLANDLORD AND TENANT-CASE LAW-RESIDENTIAL TENANCIES
942 _n0
948 _c09/06/1998
999 _c54590
_d54590